[Event "AUT-chT2S 9900"]
[Site "Austria"]
[Date "2000.02.26"]
[Round "7.1"]
[White "Mahdy, Khaled"]
[Black "Arwanitakis, Michael"]
[Result "1/2-1/2"]
[WhiteElo "2332"]
[BlackElo "2155"]
[PlyCount "46"]
[EventDate "1999.10.??"]
[EventType "team"]
[EventRounds "11"]
[EventCountry "AUT"]
[SourceTitle "EXT 2002"]
[Source "ChessBase"]
[SourceDate "2001.11.25"]
[SourceVersion "1"]
[SourceVersionDate "2001.11.25"]
[SourceQuality "1"]

1. e4 c5 2. Nf3 d6 3. c3 Nf6 4. Bd3 Bg4 5. Bc2 Nc6 6. h3 Bxf3 7. Qxf3 g6 8. 0-0 Bg7 9. Qd1 e5 10. d3 0-0 11. Nd2 b5 12. Nf3 b4 13. Ba4 Rc8 14. Bg5 Qa5 15. Nd2 bxc3 16. Nc4 Qa6 17. bxc3 Nxe4 18. dxe4 Qxc4 19. Qc2 h6 20. Be3 Qa6 21. Rad1 Rfd8 22. Rb1 Rb8 23. Rfd1 Na5 1/2-1/2